Bicycle dreaming / (Record no. 101041)

MARC details
000 -LEADER
fixed length control field 00698nam a22002057a 4500
005 - DATE AND TIME OF LATEST TRANSACTION
control field 20180504121447.0
010 ## - LCCN (DPL NO)
LC control number 1718EN-30 B-68174-721
020 ## - INTERNATIONAL STANDARD BOOK NUMBER
International Standard Book Number 9789385755163
Terms of availability 350.00
035 ## - SYSTEM CONTROL NUMBER
System control number B-68174-721
037 ## - SOURCE OF ACQUISITION
Source of stock number/acquisition Pragati
Stock number dpl
037 ## - SOURCE OF ACQUISITION
Source of stock number/acquisition DBAD/PUB
082 ## - DEWEY DECIMAL CLASSIFICATION NUMBER
Classification number N
100 ## - MAIN ENTRY--PERSONAL NAME
Personal name Koshy,Mridula
245 ## - TITLE STATEMENT
Title Bicycle dreaming /
Statement of responsibility, etc by Mridula Koshy
260 ## - PUBLICATION, DISTRIBUTION, ETC. (IMPRINT)
Place of publication, distribution, etc New Delhi
Name of publisher, distributor, etc Speaking Tiger
Date of publication, distribution, etc 2016
270 ## - ADDRESS
Address 4381/4 Ansari Road, Daryaganj,
City New Delhi
Postal code 110002
300 ## - PHYSICAL DESCRIPTION
Extent viii,231p.
Dimensions 22cm(pbk)
942 ## - ADDED ENTRY ELEMENTS (KOHA)
Source of classification or shelving scheme Dewey Decimal Classification
Item type English Books
Call number suffix KOS
Classification part N
Holdings
Withdrawn status Lost status Not for loan Collection code Home library Current library Date acquired Source of acquisition Cost, normal purchase price Full call number Barcode Copy number Cost, replacement price Koha item type
      Fiction Ashok Vihar Ashok Vihar 04/05/2018 Pragati/142/27.11.2017/672/20.11.2017/28.11.2017 350.00 N KOS B-681718 1 350.00 English Books
    Not For Loan Fiction D.B.Act.Division Bawana 24/06/2016 DBAD/PUB 350.00 N KOS EN-98690 1 350.00 English Books
      Fiction Central Library Central Library 04/05/2018 Pragati/142/27.11.2017/672/20.11.2017/28.11.2017 350.00 N KOS B-681714 1 350.00 English Books
      Fiction Janak Puri Janak Puri 04/05/2018 Pragati/142/27.11.2017/672/20.11.2017/28.11.2017 350.00 N KOS B-681720 1 350.00 English Books
      Fiction Mobile Library Mobile Library 04/05/2018 Pragati/142/27.11.2017/672/20.11.2017/28.11.2017 350.00 N KOS B-681715 2 350.00 English Books
      Fiction Mobile Library Mobile Library 04/05/2018 Pragati/142/27.11.2017/672/20.11.2017/28.11.2017 350.00 N KOS B-681716 2 350.00 English Books
      Fiction Narela Narela 04/05/2018 Pragati/142/27.11.2017/672/20.11.2017/28.11.2017 350.00 N KOS B-681721 1 350.00 English Books
      Fiction New Police Line New Police Line 04/05/2018 Pragati/142/27.11.2017/672/20.11.2017/28.11.2017 350.00 N KOS B-681717 1 350.00 English Books
      Fiction Patel Nagar Patel Nagar 04/05/2018 Pragati/142/27.11.2017/672/20.11.2017/28.11.2017 350.00 N KOS B-681719 1 350.00 English Books

© Delhi Public Library
Hit Counter
free hit counter